Thermal methods of analysis /

Guardado en:
Autor Principal: Wendlandt, Wesley Wm.
Formato: Libro
Idioma:English
Publicado: New York : Wiley, c1974.
Edición:2d ed.
Series:Chemical analysis ; v. 19
Materias:
Etiquetas: Agregar Etiqueta
Sin Etiquetas, Sea el primero en etiquetar este registro!
LEADER 00790pam a22002415a 4500
001 EIQ.libpla000858
008 731025s1974####nyua#####b####001#0#eng#d
005 20060608152155.0
245 1 0 |a Thermal methods of analysis /  |c Wesley Wm. Wendlandt. 
250 |a 2d ed. 
260 |a New York :  |b Wiley,  |c c1974. 
300 |a xvii, 505 p. :  |b il. ;  |c 23 cm. 
440 0 |a Chemical analysis ;  |v v. 19 
500 |a "A Wiley-Interscience publication." 
504 |a Incluye referencias bibliográficas e índice. 
020 |a 047193366X 
100 1 |a Wendlandt, Wesley Wm.  |q (William) 
082 0 0 |a 543/.086 
650 4 |a Análisis térmico  |x Métodos. 
650 4 |a Thermal analysis  |x Methods. 
010 |a  73018444  
040 |a DLC  |c DLC  |d AR-BbSID 
859 |a AR-BbSID  |b BIB. PLAPIQUI  |h 543.086  |i W 44  |p 565